000 00322nam a2200133Ia 4500
008 100328s9999 xx 000 0 und d
082 _b171
100 _aGalsworthy John
245 _aThe Forstye Saga-I
260 _bWilliam Heinemann
630 _aThe Forstye Saga-I
730 _aThe Forstye Saga-I
942 _cBOOK
999 _c496550
_d496547